| 000 | 01089cad a22002175a 4500 | ||
|---|---|---|---|
| 001 | L138174 | ||
| 008 | 070521s2007 xxko f f000 0 eng d | ||
| 020 | _a9781844789405 | ||
| 035 | _a(Sirsi) u138174 | ||
| 041 | 0 | _aeng | |
| 050 | 0 | 4 | _a727.2 $2 18 |
| 110 | 1 |
_aUnited Kingdom _bDepartment for Education and Skills _95006 |
|
| 245 | 0 | 0 |
_aBetter buildings, better design, better education _ba report on capital investment in education _h[electronic resource] |
| 260 |
_a[S.l.] _bDfES _c2007 |
||
| 520 | _aLooks at the impact of £31bn of investment in school buildings over the last decade. Reveals that 1 106 new schools, 27 000 new or improved classrooms and 1 260 new children?s centres have been built in the last 10 years and that there has been as much school building in the last five years as the previous 25. Includes case studies. | ||
| 590 | _aKA | ||
| 651 | 4 |
_aEngland _y886- |
|
| 690 | _aBUILT ENVIRONMENT-CONSTRUCTION DESIGN | ||
| 856 | 4 | 0 |
_uhttps://www.teachernet.gov.uk/docbank/index.cfm?id=11412 _zView the report free of charge at www.teachernet.gov.uk... |
| 942 | _n0 | ||
| 999 |
_c107040 _d107040 |
||